• 首页
  • 本馆介绍
  • 公告通知
  • 最新文献
  • 馆藏检索
  • 电子资源
  • 读者导购
  • 参考咨询
  • 我的图书馆
  • 登录
  • 详细信息显示
  • 放入我的书架
  • 预约/预借图书
  • 作者相关作品
  • 分类相关作品
  • 丛书相关作品
  • 出版社相关作品

书目信息

  • 表格格式
  • 工作单格式
  • 卡片格式
题名:
英汉仿拟研究
    
 
作者: 罗胜杰 , 谭芳 , 郑立平 著
分册:  
出版信息: 西安   西北工业大学出版社  2010
页数: 196页
开本: 23cm
丛书名: 语言学研究系列丛书
单 册:
中图分类: H15 , H315
科图分类:
主题词: 汉语--修辞--研究 , 英语--修辞--研究 , 汉语 , 修辞 , 英语
电子资源:
ISBN: 978-7-5612-2719-0
000 01269oam2 2200337 45
001 1138518078
005 20110419110529.75
010    @a978-7-5612-2719-0@dCNY24.00
100    @a20110409d2010 em y0chiy0110 ea
101 0  @achi@aeng
102    @aCN@b610000
105    @aa z 000yy
106    @ar
200 1  @a英汉仿拟研究@AYing Han Fang Ni Yan Jiu@f罗胜杰,谭芳,郑立平著@FLuo Sheng Jie, Tan Fang, Zheng Li Ping Zhu
210    @a西安@c西北工业大学出版社@d2010
215    @a196页@c图@d23cm
225 2  @a语言学研究系列丛书
330    @a本书分为两大部分,第一部分为理论研究,分别介绍了仿拟的定义和结构,仿拟的表现形式和构成要素,仿拟的分类和功能,仿拟的心理学和美学分析,以及从认知语言学角度分析仿拟产生的认知机制,等等。第二部分为仿拟的实践研究,分别探讨了仿似运用所造成语言不和谐的原因,广告仿拟创建的心理过程,网络语言、新闻标题和校园文学作品的相关问题等。
461  0 @12001 @a语言学研究系列丛书
606 0  @a汉语@x修辞@x研究
606 0  @a英语@x修辞@x研究
606 0  @a汉语
606 0  @a修辞
606 0  @a英语
690    @aH15@v4
690    @aH315@v4
701  0 @a罗胜杰@ALuo Sheng Jie@4著
701  0 @a谭芳@ATan Fang@4著
701  0 @a郑立平@AZheng Li Ping@4著
801  0 @aCN@bTANGWEI@c20110419
905    @b0536487-91@dH15@e463@f5
    
    英汉仿拟研究/罗胜杰,谭芳,郑立平著.-西安:西北工业大学出版社,2010
    196页:图;23cm.-(语言学研究系列丛书)
    
    
    ISBN 978-7-5612-2719-0:CNY24.00
    本书分为两大部分,第一部分为理论研究,分别介绍了仿拟的定义和结构,仿拟的表现形式和构成要素,仿拟的分类和功能,仿拟的心理学和美学分析,以及从认知语言学角度分析仿拟产生的认知机制,等等。第二部分为仿拟的实践研究,分别探讨了仿似运用所造成语言不和谐的原因,广告仿拟创建的心理过程,网络语言、新闻标题和校园文学作品的相关问题等。
●
相关链接 在E读中查询图书 在五车中查询图书 在当当中查询图书 在豆瓣中查询图书


正题名:英汉仿拟研究     索取号:H15/463         预约/预借

序号 登录号 条形码 馆藏地/架位号 状态 备注
1 0536487   205364871   第二样本阅览室/ [索取号:H15/463] 在馆    
2 0536488   205364880   第四借阅区/ [索取号:H15/463] 在馆    
3 0536489   205364899   第四借阅区/ [索取号:H15/463] 在馆    
4 0536490   205364906   第四借阅区/ [索取号:H15/463] 在馆    
5 0536491   205364915   第四借阅区/ [索取号:H15/463] 在馆    
唐山师范学院图书馆 欢迎您!
大连网信软件有限公司© 版权所有